Statistics for can you name all power rangers???

Click here to take the quiz!

General Stats

  • This quiz has been taken 243 times
    (235 since last reset)
  • The average score is 107 of 178

Answer Stats

HintAnswer% Correct
SPD blue 1Schuyler “Sky” Tate
99%
LG redLeo Corbett
97%
DT gold | MMPR Green 1 | MMPR White | +2 othersTommy Oliver
89%
MMPR Green 2Tom
87%
SPD yellowElizabeth “Z Delgado
86%
MMPR Pink 2 | T pink 1Katherine ”Kat” Hilliard
86%
Z pinkKatherine ”Kat” Hilliard
86%
SPD Kat rangerKatherine ‘Kat’ Manx
86%
MMPR BlueBilly Cranston
85%
Z gold 2Jason lee Scott
85%
MMPR red 1Jason lee scott
85%
MMPR Pink 1Kimberly Ann Hart
85%
MMPR Yellow 1Trini Kwan
82%
MMPR Black 2 | T green 1 | Z greenAdam park
81%
MMPR black 1Zack Taylor
81%
MMPR Red 2 | Z blueRocky DeSantos
80%
IS pink | T pink 2Cassie Chan
77%
SM greenJack Holling
77%
SPD red 1Jack Landors
77%
T pink 3Robo Cassie
77%
MMPR Yellow 2Aisha Campbell
76%
NST red 3Mick Kanic
76%
T blue 2Robo Justin
76%
LG Magna defender 2Mike Corbett
75%
S greenMike Fernadez
75%
SPD blue 2 | SPD green 1 | SPD red 3Bridge Carson
73%
T blue 1Justin Stewart
73%
T red 3Robo T.J
73%
IS blue | T red 2T.J Johnson
73%
NS blueTori Hanson
73%
DT whiteTrent Fernandez
73%
NS greenCameron “Cam” Watanbe
72%
TF pinkJennifer “Jen” Scotts
72%
T green 3Robo Carlos
72%
SPD pinkSydney “Syd” Drew
72%
DT yellowKira Ford
71%
T yellow 3Robo Ashley
71%
T yellow 1 | Z yellowTanya Sloan
71%
NS yellowWaldo “Dustin” Brooks
71%
TF red 2Wesley ‘Wes” Collins
71%
SPD shadowAnubis “Doggie” cruger
70%
IS yellow | T yellow 2Ashley Hammond
70%
IS blackCarlos Vallerte
70%
T green 2Carlos vallerte
70%
DT blueEthan james
70%
SPD omegaSam
70%
NS navyBlake Bradley
68%
WF redCole Evans
68%
DT redConner McKnight
68%
WF blackDanny Delgado
68%
TF quantumEric Myers
68%
NS redShane Clarke
68%
MF redBowen/ Nicholas “Nick” Russel
67%
WF blueMax Cooper
67%
JF purpleRobert “RJ” James
67%
JF blueTheo Martin
67%
TF greenTrip Regis
67%
IS redAndros
66%
JF redCasey Rhodes
66%
MF yellowCharlie “chip” thorn
66%
LG yellowMaya
66%
LSR redCarter Grayson
65%
M pinkEmma Goodall
65%
MF pinkVida “V” Rocca
65%
SPD orangeBoom
63%
JF yellowLily Chilman
63%
LSR sliverRyan Mitchell
63%
MF greenXander Bly
63%
WF whiteAlyssa Enrilé
62%
NS crimsonHunter Bradley
62%
LG blueKai CHen
62%
LG pink 2Karone
62%
SPD red 2Schuyler “sky” Tate
62%
WF yellowTaylor Earhardt
62%
Z gold 1Trey of triforia
62%
OO blackWilliam “Will” Aston
62%
IS sliverZhane
62%
TF red 1Alex Drake
61%
LG greenDamon Henderson
61%
JF whiteDominic “Dom” Hargan
61%
S Red 1Jayden Shiba
61%
LG pink 1Kendrix moragan
61%
S yellowEmily Stewart
59%
M blackJake Holling
59%
MF blueMadison “Maddie” Rocca
59%
JF green spirit rangerMaster Phant
59%
NinjorNinjor
59%
RPM redScott Truman
59%
WF lunarMerrick Baliton
58%
MF whiteUdonna
58%
S goldAntonio Garica
57%
LSR pinkDana Mitchell
57%
RPM goldGem
57%
S pinkMia Watanbe
57%
SPD nova rangerNova
57%
RPM yellowSummer Landsdown
57%
M redTroy Burrows
57%
RPM sliverGemma
56%
LSR greenJoel Rawlings
56%
TF blueLucas Kendall
56%
OO redMackenzie “Mack” Hartford
56%
LG magna defender 1Magna defender
56%
RPM greenZiggy Grover
56%
RPM blackDillon
54%
TF yellowKatie Walker
54%
LSR blueChad lee
53%
MMAR WhiteDelphine
53%
LSR yellowKelsey Winslow
53%
S BlueKevin Douglas
53%
OO pinkRose Ortiz
53%
DC redTyler Navarro
53%
OO blueDax Lo
52%
RPM blueFlynn McAllistair
52%
M yellowGia Moran
52%
M blueNoah Carver
52%
T Phantom rangerPhantom ranger
52%
OO yellowVeronica “Ronny” Robison
52%
MF goldDaggeron
51%
M robo knightRobo knight
51%
DC pinkShelby Watkins
51%
MMAR RedAurico
49%
S red 2Lauren Shiba
49%
DC blackChase Randall
48%
MMAR BlueCestro
47%
MF wolf warriorLeanbow
47%
JF blue spirit rangerMaster Finn
46%
DC greenRiley griffin
46%
SPD A squad redCharlie
44%
MMAR BlackCorcus
44%
DC blueKoda
44%
SM sliverOrion
44%
MMAR YellowTideus
44%
JF black spirit rangerMaster Swoop
43%
OO mercuryTyzonn
43%
DC purple 2Kendal Morgan
42%
SPD A squad blueA-squad blue
41%
SPD A squad greenA squad green
41%
SPD A squad pinkA squad pink
41%
SPD A squad yellowA-squad yellow
41%
NST red 2Brody Romero
41%
DC aquaJames Navarro
41%
NST goldAiden Romero/ Levi western
39%
NST bluePreston Tien
37%
BM sliverSteel Silva
37%
DC sliverZenowing
37%
BM yellowZoey Reeves
35%
BM goldNathan “Nate” Silva
34%
DC GraphitePrince Phillip 3rd
34%
DC goldSir Ivan of Zander
34%
DF blackJavi Garcia
33%
SPD red (before show)Officer Tate
33%
DF blueOllie Akana
33%
DF pinkAmelia Jones
32%
BM blueRavi Shaw
32%
NST pinkSarah Thompson
32%
DF redZayto
32%
NST yellowCalvin Mawell
30%
DF greenIzzy Garica
30%
BM redDevon Daniels
28%
DF goldAiyon
27%
NST whiteHaley Foster
25%
NST red 1Dane Romero
19%
DC purple 1Albert smith
14%
Void knightTarrick
14%

Score Distribution

Percentile by Number Answered

Percent of People with Each Score

Your Score History

You have not taken this quiz since the last reset